Nationalités des Joueurs du "Big Five" Européen de Football - Statistiques

Statistiques générales
  • Ce quiz a été pris 667 fois
  • Le résultat moyen est 23 sur 29
Statistiques - réponses
Réponse % Correct
France
100%
Espagne
99%
Allemagne
98%
Angleterre
98%
Italie
98%
Belgique / Portugal
96%
Portugal
94%
Brésil
93%
Maroc
93%
Algérie
92%
Argentine
91%
Belgique
84%
Sénégal
84%
Pays-Bas
81%
Suisse
81%
États-Unis
76%
Pologne
72%
Autriche
70%
Cameroun
69%
Colombie
68%
Japon
68%
Écosse
67%
Côte d'Ivoire
65%
Croatie
65%
Uruguay
65%
Danemark
64%
Mali
56%
Pays de Galles
51%
Serbie
48%
Aucun quiz correspondant
Distribution des résultats
% des personnes avec chaque résultat
Percentile par nombre de réponses
Votre historique - résultats
Vous n’avez pas pris ce quiz